000
00316nam a2200133Ia 4500
005
20251222141827.0
008
251222s9999||||xx |||||||||||||| ||spa||
082
_a
741.5/G98
100
_a
Guzmán M., Leoncio
245
0
_a
Arte y Técnica de la Historieta
250
_a
1ra.ed.
264
_b
Horizonte
942
_c
LIB
999
_c
6997
_d
6997